Kreatívne štúdiá neprežili rok 2000

Kreatívne štúdiá na Slovensku. Len tri firmy mohli mať skutočne visačku kreatívneho štúdia. Dnes sú zo všetkých troch firiem, všetkých veľmi úspešných, fullservisové agentúry. Príčiny zániku týchto firiem. Slovensko ešte nepochopilo význam využívania kreatívnych štúdií.

Salvato in:
Dettagli Bibliografici
Autore principale: Žiačiková, Barbora
Natura: Capitolo di libro
Lingua:slovacco
Soggetti:
Tags: Aggiungi Tag
Nessun Tag, puoi essere il primo ad aggiungerne!!

MARC

LEADER 00000naa a2200000 4500
001 r039988
005 20230921110320.6
041 0 |a slo 
044 |a SK 
245 1 0 |a Kreatívne štúdiá neprežili rok 2000  |c Barbora Žiačiková 
520 |a Kreatívne štúdiá na Slovensku. Len tri firmy mohli mať skutočne visačku kreatívneho štúdia. Dnes sú zo všetkých troch firiem, všetkých veľmi úspešných, fullservisové agentúry. Príčiny zániku týchto firiem. Slovensko ešte nepochopilo význam využívania kreatívnych štúdií. 
610 2 0 |a kreativita 
610 2 0 |a firmy 
610 2 0 |a reklama 
610 2 0 |a konkurencia 
610 2 0 |a Slovensko 
100 1 |a Žiačiková, Barbora